00630nam a2200181Ia 4500082002200000245005800022260004200080300001300122500003000135650003200165650005400197650007900251650004600330650001400376650001500390650001400405710002900419 aRR 070.50954 PRE; 0aPress and Registration of Books Act, 1867: 25 of 1867 aDelhibUniversal Law Publishingc2003 aii, 36p. aBare Act with short notes aBook registration, National aRegistration of Newspapers (Central ) Rules, 1956 aPress and Registration Appellate Board (Practice and Procedure) Order, 196 aPress and Registration of Books Act, 1867 aPress Law aNewspapers aCopyright aUniversal Law Publishing